Familiäre Amyloidose vom portugiesischen Typ: erstmalige Erfassung e. Sippe über 5 Generationen

Saved in:
Bibliographic Details
Main Author: Winkler, Markus (Author)
Format: Book/Monograph Thesis
Language:German
Published: 1987
Subjects:
Online Access: Get full text
Author Notes:Markus Winkler

MARC

LEADER 00000cam a2200000 c 4500
001 1651756708
003 DE-627
005 20260313135024.0
007 tu
008 910403s1987 xx ||||| m 00| ||ger c
015 |a 89,H02,1144  |2 dnb 
016 7 |a 890249032  |2 DE-101 
035 |a (DE-627)1651756708 
035 |a (DE-576)023761687 
035 |a (DE-599)DNB890249032 
035 |a (OCoLC)1067678255 
035 |a (OCoLC)75002407 
040 |a DE-627  |b ger  |c DE-627  |e rakwb 
041 |a ger 
084 |a 33  |2 sdnb 
100 1 |a Winkler, Markus  |d 1961-  |0 (DE-588)1392848229  |0 (DE-627)1965192564  |4 aut 
245 1 0 |a Familiäre Amyloidose vom portugiesischen Typ  |b erstmalige Erfassung e. Sippe über 5 Generationen  |c Markus Winkler 
264 1 |c 1987 
300 |a 65 Bl.  |b graph. Darst. 
336 |a Text  |b txt  |2 rdacontent 
337 |a ohne Hilfsmittel zu benutzen  |b n  |2 rdamedia 
338 |a Band  |b nc  |2 rdacarrier 
502 |a Heidelberg, Univ., Diss., 1988 (Nicht f.d. Austausch) 
583 1 |a Archivierung prüfen  |c 20200919  |f DE-640  |z 2  |2 pdager 
583 1 |a Archivierung/Langzeitarchivierung gewährleistet  |f DISS  |x XA-DE-BW  |2 pdager  |5 DE-16 
655 7 |a Hochschulschrift  |0 (DE-588)4113937-9  |0 (DE-627)105825778  |0 (DE-576)209480580  |2 gnd-content 
751 |a Heidelberg  |0 (DE-588)4023996-2  |0 (DE-627)106300814  |0 (DE-576)208952578  |4 uvp 
951 |a BO 
992 |a 20260313 
993 |a Thesis 
994 |a 1988 
998 |g 1392848229  |a Winkler, Markus  |m 1392848229:Winkler, Markus  |d 60000  |d 60001  |e 60000PW1392848229  |e 60001PW1392848229  |k 0/60000/  |k 1/60000/60001/  |p 1  |x j  |y j 
999 |a KXP-PPN1651756708  |e 4935155086 
BIB |a Y 
JSO |a {"person":[{"role":"aut","family":"Winkler","display":"Winkler, Markus","given":"Markus"}],"physDesc":[{"noteIll":"graph. Darst.","extent":"65 Bl."}],"noteThesis":["Heidelberg, Univ., Diss., 1988 (Nicht f.d. Austausch)"],"type":{"bibl":"thesis"},"name":{"displayForm":["Markus Winkler"]},"origin":[{"dateIssuedKey":"1987","dateIssuedDisp":"1987"}],"recId":"1651756708","title":[{"subtitle":"erstmalige Erfassung e. Sippe über 5 Generationen","title_sort":"Familiäre Amyloidose vom portugiesischen Typ","title":"Familiäre Amyloidose vom portugiesischen Typ"}],"language":["ger"],"id":{"eki":["1651756708"]}} 
SRT |a WINKLERMARFAMILIAERE1987